000 01626nam a2200385 c 4500
003 BLK
005 20240205100546.0
008 180409b bul|||||r ||||||| ||bul||
010 _aKNG00114830000
020 _a954-444-003-8
_bиздат.: Орфия
020 _a954-444004-6
_bиздат.: Орфия - на том(т. 2)
040 _aBLK
041 _aBUL
_cBUL
080 _aАмериканска литература (на САЩ)
_b821.111(73)
_x-312.9
_z821.111(73)-312.9
100 1 _aАндерсън, Пол
_eпърви автор
_9265054
700 1 _aПетрова, Весела
_eпрев. от англ.
_9363689
700 _aПанайотова, Росица Христова
_d1957-
_9371242
139 _aАндерсън, Пол
_bА 65
245 1 0 _aОперация "Хаос"
_bФантаст. роман : Кн. 1 - 2
_cПол Андерсън; прев. от англ. Весела Петрова; предг. от Росица Панайотова.
_nКн. 2
257 _aUSA
260 София
_bОрфия
_c1991 -
300 _c16 см
380 _aX
490 1 _aФантастика
_v004
500 _aОриг. загл. Operation Chaos / Poul Anderson.
653 _aфантастика
653 _aромани
760 1 _3- на том(т. 2)
_aАндерсън, Пол
_dОрфия, 1991
_h176 с.
_tКн. 2
852 _aЦб І 25266
856 4 _qpdf
_u
856 4 _qpdf
_u
942 _cKNG
_n0
944 _aCR
_c30.08.2004
_k30556
_lТеодора Пейчева-Дянкова
944 _aED
_c20.09.2017
_kСевдалина_Василева
999 _c109513
_d109513